000 00854nam a2200253 i 4500
001 bgj
100 1 _aFISCHER-LICHTE, Erika.
245 1 0 _aGeschichte des Dramas :
_bEpochen der Identität auf dem Theater von der Antike bis zur Gegenwart.
_cErika Fischer-Lichte.
_nBd. 2,
_pVon der Romantik bis zur Gegenwart /
250 _aWyd. 2.
260 _aTübingen ;
_aBasil :
_bA. Francke Verlag,
_c1999.
300 _aVI, 306 s., [4 k.] :
_bil. ;
_c19 cm.
490 1 _aUTB für Wissenschaft :
_pUni-Taschenbücher
_v1566
504 _aBibliogr. s. 291-298. Indeks.
650 9 _aHistoria literatury
830 _aUTB für Wissenschaft :
_pUni-Taschenbücher
020 _a3825215660
040 _cBPK
041 0 _ager
044 _aDEU
080 _a82(091)
920 _a3-8252-1566-0
942 _cKS
008 s gw f |000 0 ger
999 _c49411
_d49411
856 _uhttp://koha.tu.koszalin.pl/cgi-bin/koha/opac-detail.pl?biblionumber=49411
_yKatalog online BPK